| 000 | 00422pab a2200145 454500 | ||
|---|---|---|---|
| 008 | 180718b2015 xxu||||| |||| 00| 0 eng d | ||
| 100 | _aEven, Marie-Aude et al | ||
| 245 | _aThe WAW international typology as a mechanism to monitor agricultural and rural transformations | ||
| 260 | _c2015 | ||
| 300 | _ap.263-274. | ||
| 650 | _aRural development | ||
| 650 | _aAgriculture | ||
| 773 | _aDevelopment | ||
| 909 | _a114684 | ||
| 999 |
_c114678 _d114678 |
||